Accountability in higher education : (Record no. 14700)

000 -LEADER
fixed length control field 00642cam a22002054a 4500
020 ## - INTERNATIONAL STANDARD BOOK NUMBER
ISBN 9780415871952 (alk. paper)
020 ## - INTERNATIONAL STANDARD BOOK NUMBER
ISBN 9780415871969 (alk. paper)
020 ## - INTERNATIONAL STANDARD BOOK NUMBER
ISBN 9780203846162 (alk. paper)
040 ## - CATALOGING SOURCE
Transcribing agency DLC
082 00 - DEWEY DECIMAL CLASSIFICATION NUMBER
Classification number 379 ROU 2010 A070 Or.
245 00 - TITLE STATEMENT
Title Accountability in higher education :
Remainder of title global perspectives on trust and power /
260 ## - PUBLICATION, DISTRIBUTION, ETC. (IMPRINT)
Place of publication New York, NY :
Name of publisher Routledge,
Year of publication 2010.
300 ## - PHYSICAL DESCRIPTION
Number of Pages xv, 270 p. ;
Dimensions 25 cm.
490 0# - SERIES STATEMENT
Series statement International studies in higher education
650 #0 - SUBJECT ADDED ENTRY--TOPICAL TERM
Topical Term Educational accountability
650 #0 - SUBJECT ADDED ENTRY--TOPICAL TERM
Topical Term Education, Higher
700 1# - ADDED ENTRY--PERSONAL NAME
Personal name Stensaker, Bjørn.
700 1# - ADDED ENTRY--PERSONAL NAME
Personal name Harvey, Lee,
942 ## - ADDED ENTRY ELEMENTS (KOHA)
Koha item type សៀវភៅភាសាអង់គ្លេស
952 ## - LOCATION AND ITEM INFORMATION (KOHA)
Withdrawn status [LOCAL, KOHA] 0
Holdings
Permanent Location Date acquired Koha item type Lost status Shelving location Barcode Current Location Full call number
Library Block A2017-10-24សៀវភៅភាសាអង់គ្លេស A070A05970Library Block A379 ROU 2010 A070 Or.
មជ្ឈមណ្ឌលឯការនៃសាកលវិទ្យាល័យភូមិន្ទកសិកម្មចំការដូង

Powered by Koha